00529nam a2200121Ia 4500008004100000100002300041245007900064245012600143260005300269260000900322650001500331856006100346170221s9999 xx 000 0 und d aZukhra S. Dotdueva 4aThe Methodology for the Formation of the Regional Food-producing Clusters  cZukhra S. Dotdueva, Sergei M. Gorlov, Ekaterina V. Marchenko, Oksana V. Takhumova, Sergei A. Kaverzin, Irina V. Sugaipova bInternational Review of Management and Marketing c2012 xMarketing. uhttp://www.econjournals.com/index.php/irmm/issue/view/86